Datum a čas kvízu

40 Celkem bodů Celkový počet nahraných bodů na tomto kvízu bez doplňovacích otázek.
2. Pořadí na kvízu Konečné umístění týmu na tomto kvízu.

Zaznamenané odpovědi

# Otázka Odpověď Body Výsledky
1. Ve středu přidala vláda na čes... Voice of Europe (Hlas Evropy) 1
2. Jak se jmenuje nezávislý kandi... Robert Francis Kennedy Jr. 1
3. Na Velký pátek se to v O<sub>2... Judas Priest 0
4. Minulý týden si žena na severu... s bambulí (od čepice) 1
5. Český snowboardista Radek Hous... obarvit se na blond 1
6. Věříme, že ovládáte velkou pal... Řecko 1
7. Zhruba 56 tisíc lidí obývá ost... Grónsko 0
8. Vyberte zemi, jejíž zkratka ná... A 1
9. Švýcarsko má čtyři úřední jazy... 1A 2D 3C 4B 1
10. Na snímku z letiště můžete spa... Dublin 1